| 000 | 01361cam a22002653a 4500 | ||
|---|---|---|---|
| 001 | 28726 | ||
| 003 | PGUSA | ||
| 005 | 20140828083624.0 | ||
| 008 | 090508s2009||||xxu|||||s|||||000 | eng d | ||
| 040 |
_aPGUSA _beng |
||
| 042 | _adc | ||
| 050 | 4 | _aPN | |
| 245 | 1 | 4 |
_aThe Boy Scouts Book of Stories _h[electronic resource] |
| 260 |
_bProject Gutenberg, _c2009 |
||
| 505 | 0 | _aThe great big man / O. Johnson -- A twilight adventure / M.D. Post -- Tad Sheldon, second class scout / J.F. Wilson -- The red-headed league / A.C. Doyle -- The ransom of Red Chief / O. Henry -- The honk-honk breed / S.E. White -- The devil-fish / N. Duncan -- The jumping frog / Mark Twain --Bingism / B. Tarkingtorn -- Concho Curly at the op'ra / E.B. Bronson -- The lie / H. Hagedorn -- Story of the bandbox / R.L. Stevenson -- The hero and the cowboy / J.C. Lincoln -- The dollar / M. Robertson -- The mascot of "Troop 1" / S. Chalmers -- The lion's smile / T.W. Hanshew -- The roll-call of the reef / A.T. Quiller-Couch -- The house and the brain / E. Bulwer-Lytton. | |
| 506 | _aPublic domain in the USA. | ||
| 516 | _aElectronic text | ||
| 653 | _aShort stories | ||
| 700 | 1 | _aScott, Arthur D. | |
| 700 | 1 | _aMathiews, Franklin K. | |
| 700 | 1 | _aLouderback, Walt | |
| 830 | 0 |
_aProject Gutenberg _v28726 |
|
| 856 | 4 | 0 | _uhttp://www.gutenberg.org/ebooks/28726 |
| 942 | _cEB | ||
| 999 |
_c257981 _d257981 |
||